000 02014nam0a2200373 4500
001 RU\NLR\bibl\412755
005 20260405081812.0
010 _a5-696-02281-2
_9100
021 _aRU
_b2003-22420
_91043
035 _a(NLR Aleph) 000406800
090 _a609850
_c609851
100 _a20030616d2002 |||y0rusy50 ca
101 0 _arus
102 _aRU
105 _aa |||||||||
200 1 _aМетоды исследования строительных материалов
_eТекст лекций
_e[Для студентов, обучающихся по спец. 290600 - "Пр-во строит. материалов, изделий и конструкций"]
_fЛ. Я. Крамар, А. С. Королев
_gМ-во образования Рос. Федерации, Юж.-Урал. гос. ун-т, Каф. "Строит. материалы"
210 _aЧелябинск
_cИзд-во Юж.-Урал. гос. ун-та
_d2002
215 _a53 с.
_cил.
_d20
320 _aБиблиогр.: с. 51
606 0 _aСтроительные материалы
_jРуководства, пособия и т.п. для высшей школы
_xИсследование
_xМетоды
_91740544
_3RU\NLR\auth\661074747
606 0 _aСтроительные материалы
_jУчебные издания для высших учебных заведений
_xИсследование
_xМетоды
_91740544
_3RU\NLR\auth\661074747
610 0 _aСтроительные материалы - Исследование
675 _a691(075.8)
_v3
_zrus
686 _a67.09
_2rugasnti
686 _a38.3я73
_2rubbk
686 _aН30-1я73-2
700 1 _aКрамар
_bЛ. Я.
_4070
701 1 _4070
_8rus
_7ca
_aКоролев
_bА.С.
_cканд. техн. наук, стр-во
_gАлександр Сергеевич
_3RU\NLR\auth\7728618
_911649
801 0 _aRU
_bRKP
_c20030616
_gPSBO
801 1 _aRU
_bRKP
_c20030616
801 2 _aRU
_bNLR
_c20050929
_grcr
942 _cBOOK
980 _aNB